000
00200nam a22000977a 4500
999
_c
65094
_d
65091
082
_a
297.16
100
_a
Thomas W. Arnold
245
_a
The spread of islam in the world
300
_a
467p
942
_c
BK